| 000 | 00758nam a2200229Ia 4500 | ||
|---|---|---|---|
| 001 | 3353 | ||
| 003 | GE_BSU | ||
| 008 | 181216s||||||||xx |||||||||||||| ||und|| | ||
| 040 | _cGE_BSU | ||
| 080 | _a658.26(035.5)+620 | ||
| 100 | _aГольстрем,В.А. Иваненко,А.С. | ||
| 245 | _aСправочник энергетика промышленных предприятий. | ||
| 245 | _cЗав.ред.З.Б.Божко | ||
| 250 | _aИзд. 3-е, стереотипное. | ||
| 260 | _aКиев. | ||
| 260 | _bТехника. | ||
| 260 | _c1973. | ||
| 300 | _a562 стр. 23см. 59 библ. | ||
| 300 | _eтабл. | ||
| 653 | _aСправочник энергетика промышленных предприятий. | ||
| 942 | _cBK | ||
| 999 |
_c37394 _d37394 |
||